000 01281nam0a22003011 4500
001 rc\4405843
005 20250612073424.0
021 _aRU
_b[59-6735]
035 _a(NLR Aleph) 008561173
090 _a8466557
_c8466557
100 _a20130416d1958 |||y0rusy50 ca
101 0 _arus
102 _aRU
105 _aa z |||||
200 1 _aФерриты, их свойства и применение
_fГос. науч.-техн. ком-т Совета Министров СССР. Акад. наук СССР. Всесоюз. ин-т науч. и техн. информации
210 _aМосква
_cБ. и.
_d1958
215 _a35 с.
_cил.
_d22
300 _aПеред загл. авт.: проф. И.С. Джигит, канд. техн. наук Б.И. Левин
320 _aБиблиогр. в конце книги (23 назв.)
606 _aФерриты
_2psbo
700 1 _aДжигит
_bИ.С.
_f1902-1964
_gИлья Семенович
701 1 _4070
_7ca
_8rus
_aЛевин
_bБ. И.
_cканд. техн. наук, транспорт
_f1904-1976
_gБорис Иосифович
_9253700
_3RU\NLR\AUTH\770253756
801 0 _aRU
_bNLR
_gpsbo
801 1 _aRU
_bELAR
_2rusmarc
852 _aNLR
_j59-6/1378
942 _cBOOK
980 _aNB